[Event "SVK-chT2D 2223"]
[Site "Slovakia"]
[Date "2022.11.13"]
[Round "4.8"]
[White "Pacholsky, Radovan"]
[Black "Dokaniev, Oleksandr"]
[Result "1/2-1/2"]
[WhiteElo "1759"]
[BlackElo "1000"]
[PlyCount "89"]
[EventDate "2022.10.08"]
[EventType "team-tourn"]
[EventRounds "11"]
[EventCountry "SVK"]
[SourceTitle "EXT 2024"]
[Source "ChessBase"]
[SourceDate "2023.10.10"]
[SourceVersion "1"]
[SourceVersionDate "2023.10.10"]
[SourceQuality "1"]
[WhiteTeam "Margecany"]
[BlackTeam "Bardejov BSK"]
[WhiteTeamCountry "SVK"]
[BlackTeamCountry "SVK"]

1. e4 c6 2. d4 d5 3. exd5 cxd5 4. c4 e6 5. Nc3 Nf6 6. cxd5 Nxd5 7. Nf3 Nc6 8. Bc4 Bb4 9. Qd3 a6 10. 0-0 Nxc3 11. bxc3 Be7 12. Qe4 0-0 13. Bf4 g6 14. a4 Bd7 15. Bb3 Na5 16. Bc2 Bc6 17. Qe2 Bd5 18. Ne5 Rc8 19. Be4 Nc4 20. Bxd5 Qxd5 21. Rfc1 Nxe5 22. Bxe5 Rc4 23. Qb2 Rfc8 24. h3 f6 25. Bf4 Qc6 26. Rab1 e5 27. Qxb7 Qxb7 28. Rxb7 Ba3 29. Ra1 Rxc3 30. dxe5 fxe5 31. Bxe5 Rc1+ 32. Rxc1 Rxc1+ 33. Kh2 Re1 34. Rb3 Rxe5 35. Rxa3 Re4 36. Kg3 Kg7 37. a5 Re5 38. Kf4 Rf5+ 39. Kg3 Rb5 40. Ra4 Kf6 41. f3 Kf5 42. Kh4 h6 43. g4+ Kf6 44. Kg3 g5 45. h4 1/2-1/2